[Event "DRUGA LIGA SRBIJE-GRUPA VOJVODINA-2019"]
[Site "Kovacica"]
[Date "2019.11.01"]
[Round "1.4"]
[White "Marjanusic, Vladimir"]
[Black "Milojevic, Dusan"]
[Result "1/2-1/2"]
[WhiteElo "2208"]
[BlackElo "2244"]
[PlyCount "113"]
[EventDate "2019.11.01"]
[WhiteTeam "SK Backa Pacir"]
[BlackTeam "SK Bata Cosic Opovo"]

1. e4 c5 2. Nf3 d6 3. d4 cxd4 4. Nxd4 Nf6 5. Nc3 a6 6. h3 e6 7. g4 b5 8. Bg2
Bb7 9. O-O Nfd7 10. Re1 Be7 11. a4 bxa4 12. Nd5 Bh4 13. Nc3 O-O 14. Be3 Nb6 15.
Qe2 N8d7 16. Red1 Be7 17. f4 Qe8 18. f5 Bf6 19. g5 Be5 20. f6 Kh8 21. Nf3 Rg8
22. Nxe5 dxe5 23. fxg7+ Rxg7 24. Rd6 Nc8 25. Rd2 Ne7 26. Rad1 Nf8 27. h4 Neg6
28. Qf2 a3 29. bxa3 Rc8 30. Ne2 Qe7 31. h5 Nf4 32. Nxf4 exf4 33. Bxf4 e5 34.
Be3 Bc6 35. Qf3 Re8 36. Rd6 Bb7 37. c4 Bc8 38. Qf2 Ne6 39. Qf6 Qxf6 40. gxf6
Rg4 41. Kf2 Reg8 42. Bf3 Rh4 43. Bh6 Rh2+ 44. Ke3 Re8 45. Bg4 Nd4 46. Bxc8 Rxc8
47. Rg1 Rh3+ 48. Kf2 Rh2+ 49. Kg3 Rxh5 50. Bg7+ Kg8 51. Rxa6 h6 52. Kf2 Rh2+
53. Kg3 Rh5 54. Kf2 Rh2+ 55. Kg3 Rh5 56. Kf2 Rh2+ 57. Kg3 1/2-1/2

[Event "DRUGA LIGA SRBIJE-GRUPA VOJVODINA-2019"]
[Site "Kovacica"]
[Date "2019.11.01"]
[Round "1.4"]
[White "Basta, Predrag"]
[Black "Jesenski, Tibor"]
[Result "1/2-1/2"]
[WhiteElo "2215"]
[BlackElo "2279"]
[PlyCount "44"]
[EventDate "2019.11.01"]
[WhiteTeam "SK Bata Cosic Opovo"]
[BlackTeam "SK Backa Pacir"]

1. e4 e5 2. Nf3 Nc6 3. Bb5 a6 4. Bxc6 dxc6 5. d4 exd4 6. Qxd4 Qxd4 7. Nxd4 Bd7
8. Be3 O-O-O 9. Nd2 c5 10. Ne2 b6 11. O-O-O Ne7 12. f3 g6 13. Bg5 Re8 14. Bf6
Rg8 15. g4 Nd5 16. exd5 Rxe2 17. Rde1 Rxe1+ 18. Rxe1 Bd6 19. h3 Bf4 20. Re4
Bxd2+ 21. Kxd2 Re8 22. Rxe8+ Bxe8 1/2-1/2

[Event "DRUGA LIGA SRBIJE-GRUPA VOJVODINA-2019"]
[Site "Kovacica"]
[Date "2019.11.01"]
[Round "1.5"]
[White "Jotic, Vladimir"]
[Black "Bokros, Albert"]
[Result "0-1"]
[WhiteElo "2288"]
[BlackElo "2471"]
[PlyCount "114"]
[EventDate "2019.11.01"]
[WhiteTeam "SK Polet Rastina"]
[BlackTeam "SK Krajina Krajisnik"]

1. c4 b6 2. Nc3 Bb7 3. e4 e6 4. d4 Bb4 5. f3 f5 6. exf5 Nh6 7. Bd3 Qh4+ 8. g3
Qxd4 9. Nge2 Qf6 10. Bxh6 Qxh6 11. O-O Nc6 12. fxe6 Bc5+ 13. Kh1 O-O-O 14. Be4
Qxe6 15. Qa4 Kb8 16. Nf4 Qh6 17. Nd3 Bd6 18. f4 g5 19. Nb5 gxf4 20. Nxf4 Be5
21. Qc2 Rhf8 22. Qd2 Rf7 23. Rf2 Rg7 24. Rg2 Rf8 25. Nd3 Qxd2 26. Rxd2 a6 27.
Nc3 Bxc3 28. bxc3 Na5 29. Bxb7 Nxc4 30. Re2 Kxb7 31. Nf4 Rf5 32. Rae1 Nd6 33.
Re5 Rgf7 34. Kg2 Kc6 35. h4 h6 36. Kh3 b5 37. Ng6 Rf2 38. a4 Rc2 39. axb5+ axb5
40. Rh5 Kb7 41. Re3 Rff2 42. Nf4 Rf1 43. Kg4 Nc4 44. Re7 Rxc3 45. Rxh6 Rg1 46.
Ne2 Re1 47. Nxc3 Rxe7 48. Nxb5 Re5 49. Nc3 d5 50. Kf4 d4 51. Nd1 Re2 52. Kf3 d3
53. Rh5 Kc6 54. Nc3 Re3+ 55. Kf2 d2 56. Nd1 Re1 57. Nc3 Rc1 0-1

[Event "DRUGA LIGA SRBIJE-GRUPA VOJVODINA-2019"]
[Site "Kovacica"]
[Date "2019.11.01"]
[Round "1.5"]
[White "Robulj, Nenad"]
[Black "Stocko, Josip"]
[Result "1/2-1/2"]
[WhiteElo "2286"]
[BlackElo "2281"]
[PlyCount "82"]
[EventDate "2019.11.01"]
[WhiteTeam "SK Krajina Krajisnik"]
[BlackTeam "SK Polet Rastina"]

1. e4 c5 2. Nf3 d6 3. c3 Nf6 4. h3 e6 5. Bd3 Be7 6. Bc2 O-O 7. O-O b6 8. d4 Bb7
9. Re1 cxd4 10. cxd4 Nc6 11. Nc3 e5 12. d5 Nb8 13. Ne2 Nbd7 14. Ng3 g6 15. Bh6
Re8 16. Rc1 a6 17. Qd2 Bf8 18. Bxf8 Nxf8 19. Qh6 Kh8 20. Bd3 Ng8 21. Qe3 Nd7
22. Rc3 Rc8 23. Rec1 Rxc3 24. Rxc3 b5 25. Ng5 Kg7 26. h4 h6 27. Nf3 Qb6 28.
Qxb6 Nxb6 29. h5 Na4 30. Rc2 Rc8 31. hxg6 fxg6 32. b4 Ne7 33. Ne2 Nb6 34. Nd2
Rxc2 35. Bxc2 Bc8 36. Nc3 Bd7 37. Bd3 Kf7 38. f3 g5 39. Kf2 h5 40. Ke3 Ng6 41.
Bf1 Ke7 1/2-1/2

[Event "DRUGA LIGA SRBIJE-GRUPA VOJVODINA-2019"]
[Site "Kovacica"]
[Date "2019.11.01"]
[Round "1.5"]
[White "Popovic, Milos T"]
[Black "Levnajic, Pavle"]
[Result "1/2-1/2"]
[WhiteElo "2369"]
[BlackElo "2217"]
[PlyCount "57"]
[EventDate "2019.11.01"]
[WhiteTeam "SK Polet Rastina"]
[BlackTeam "SK Krajina Krajisnik"]

1. d4 e6 2. Nf3 Nf6 3. Bg5 c5 4. e4 Qb6 5. Nbd2 cxd4 6. e5 h6 7. Nc4 Qc5 8. Bh4
g5 9. exf6 gxh4 10. Bd3 Nc6 11. O-O d6 12. Qe2 Bd7 13. Nfd2 O-O-O 14. Ne4 Qd5
15. Ncxd6+ Bxd6 16. Bc4 d3 17. Qe3 Bc5 18. Bxd5 Bxe3 19. fxe3 exd5 20. Nd6+ Kc7
21. Nxf7 dxc2 22. Rac1 h3 23. Rxc2 Be6 24. Nxh8 Rxh8 25. f7 Rf8 26. Rf6 Kd7 27.
Rxh6 Rxf7 28. gxh3 Ne5 29. Rf2 1/2-1/2

[Event "DRUGA LIGA SRBIJE-GRUPA VOJVODINA-2019"]
[Site "Kovacica"]
[Date "2019.11.01"]
[Round "1.5"]
[White "Strbac, Mladen"]
[Black "Sljukic, Miodrag"]
[Result "1/2-1/2"]
[WhiteElo "2292"]
[BlackElo "2188"]
[PlyCount "35"]
[EventDate "2019.11.01"]
[WhiteTeam "SK Krajina Krajisnik"]
[BlackTeam "SK Polet Rastina"]

1. e4 c6 2. Nf3 d5 3. Nc3 Bg4 4. h3 Bxf3 5. Qxf3 e6 6. Be2 Nd7 7. O-O dxe4 8.
Nxe4 Ngf6 9. d4 Nxe4 10. Qxe4 Nf6 11. Qd3 Be7 12. a4 a5 13. Rd1 Qc7 14. c4 O-O
15. Qf3 Rad8 16. b3 Rd7 17. Bb2 Rfd8 18. Bd3 1/2-1/2

[Event "DRUGA LIGA SRBIJE-GRUPA VOJVODINA-2019"]
[Site "Kovacica"]
[Date "2019.11.01"]
[Round "1.5"]
[White "Babic, Damir M"]
[Black "Perisic, Radivoj"]
[Result "0-1"]
[WhiteElo "2103"]
[BlackElo "2223"]
[PlyCount "74"]
[EventDate "2019.11.01"]
[WhiteTeam "SK Polet Rastina"]
[BlackTeam "SK Krajina Krajisnik"]

1. d4 Nf6 2. c4 e6 3. Nf3 b6 4. Nc3 Bb7 5. e3 Bb4 6. Bd2 O-O 7. Bd3 d5 8. cxd5
exd5 9. Qc2 Re8 10. O-O-O Bxc3 11. Bxc3 Ne4 12. Ne5 Nd7 13. f4 Qe7 14. g4 Nf8
15. Bxe4 dxe4 16. g5 Bd5 17. Kb1 Qe6 18. b3 a5 19. Rdf1 Qf5 20. h4 a4 21. b4
Nd7 22. Ka1 b5 23. h5 Nxe5 24. dxe5 Bc4 25. Rfg1 Bd3 26. Qh2 Ra6 27. g6 fxg6
28. h6 Rc6 29. hxg7 h5 30. Rg5 Qe6 31. f5 Qc4 32. Bd4 Be2 33. e6 a3 34. Qg1
gxf5 35. Rxf5 Bg4 36. Rf1 Bxe6 37. Qf2 Bf7 0-1

[Event "DRUGA LIGA SRBIJE-GRUPA VOJVODINA-2019"]
[Site "Kovacica"]
[Date "2019.11.01"]
[Round "1.5"]
[White "Brajic, Djordje"]
[Black "Ivancevic, Bozidar"]
[Result "1-0"]
[WhiteElo "2206"]
[BlackElo "2091"]
[PlyCount "91"]
[EventDate "2019.11.01"]
[WhiteTeam "SK Krajina Krajisnik"]
[BlackTeam "SK Polet Rastina"]

1. e4 d6 2. d4 g6 3. Nf3 Bg7 4. Bc4 c6 5. O-O Nf6 6. Re1 O-O 7. Bg5 b5 8. Bf1
Bg4 9. h3 Bxf3 10. Qxf3 Nfd7 11. c3 f6 12. Bh4 Nb6 13. Nd2 N8d7 14. e5 d5 15.
e6 Nb8 16. Nb3 a5 17. Nc5 Na6 18. Nb7 Qc7 19. Nxa5 Na4 20. b4 Qb6 21. Nb3 Nc7
22. Bg3 Ra7 23. h4 Ne8 24. h5 f5 25. hxg6 hxg6 26. Be5 Nf6 27. Qg3 Kh7 28. Bd3
Nh5 29. Qh3 Kg8 30. g4 Bxe5 31. gxh5 Bg7 32. hxg6 Rf6 33. Qh7+ Kf8 34. Re5 Nxc3
35. Nc5 Ne4 36. Bxe4 fxe4 37. Rc1 Qd8 38. Qh5 Qe8 39. Rf5 Kg8 40. Rxf6 exf6 41.
Qh7+ Kf8 42. Kg2 Qb8 43. Nd7+ Rxd7 44. exd7 Qd6 45. Rxc6 Qxd7 46. Rxf6+ 1-0

[Event "DRUGA LIGA SRBIJE-GRUPA VOJVODINA-2019"]
[Site "Kovacica"]
[Date "2019.11.01"]
[Round "1.6"]
[White "Rogac, Srdjan"]
[Black "Dedebas, Emre Emin"]
[Result "1/2-1/2"]
[WhiteElo "2332"]
[BlackElo "2345"]
[PlyCount "22"]
[EventDate "2019.11.01"]
[WhiteTeam "SK Mladenovo Mladenovo"]
[BlackTeam "SK Vojvodina Novi Sad"]

1. d4 Nf6 2. Bf4 d5 3. e3 e6 4. Nd2 Bd6 5. Ngf3 Bxf4 6. exf4 Qd6 7. g3 O-O 8.
Bd3 b6 9. Qe2 c5 10. c3 Nc6 11. O-O Bd7 1/2-1/2

[Event "DRUGA LIGA SRBIJE-GRUPA VOJVODINA-2019"]
[Site "Kovacica"]
[Date "2019.11.01"]
[Round "1.6"]
[White "Savanovic, Vuk"]
[Black "Grujic, Zoran"]
[Result "1/2-1/2"]
[WhiteElo "2250"]
[BlackElo "2335"]
[PlyCount "22"]
[EventDate "2019.11.01"]
[WhiteTeam "SK Vojvodina Novi Sad"]
[BlackTeam "SK Mladenovo Mladenovo"]

1. e4 e5 2. Nf3 Nc6 3. Bc4 Nf6 4. Ng5 d5 5. exd5 Na5 6. Bb5+ c6 7. dxc6 bxc6 8.
Qf3 h6 9. Ne4 Nd5 10. Ba4 Be7 11. d3 O-O 1/2-1/2

[Event "DRUGA LIGA SRBIJE-GRUPA VOJVODINA-2019"]
[Site "Kovacica"]
[Date "2019.11.01"]
[Round "1.6"]
[White "Parezanin, Darko"]
[Black "Dragojlovic, Andjelko"]
[Result "0-1"]
[WhiteElo "2221"]
[BlackElo "2277"]
[PlyCount "56"]
[EventDate "2019.11.01"]
[WhiteTeam "SK Mladenovo Mladenovo"]
[BlackTeam "SK Vojvodina Novi Sad"]

1. e4 g6 2. d4 Bg7 3. Nf3 d6 4. Bc4 e6 5. Bb3 b6 6. O-O Bb7 7. Re1 Nd7 8. c4
Ne7 9. Nc3 a6 10. Bg5 h6 11. Be3 g5 12. Ba4 Ng6 13. e5 O-O 14. exd6 cxd6 15. d5
e5 16. Bxd7 Qxd7 17. Bxb6 Rac8 18. Nd2 Nf4 19. Re3 f5 20. Ne2 Rf6 21. Nxf4 gxf4
22. Rb3 Rg6 23. f3 Kh7 24. Qe2 Rg8 25. Kh1 Bf6 26. Rg1 Bc8 27. Rd3 Rg5 28. b4
Qf7 {dalje necitko...44 mvs} 0-1

[Event "DRUGA LIGA SRBIJE-GRUPA VOJVODINA-2019"]
[Site "Kovacica"]
[Date "2019.11.01"]
[Round "1.6"]
[White "Kovacevic, Vladimir M"]
[Black "Ilincic, Aleksa"]
[Result "1/2-1/2"]
[WhiteElo "2066"]
[BlackElo "2168"]
[PlyCount "36"]
[EventDate "2019.11.01"]
[WhiteTeam "SK Mladenovo Mladenovo"]
[BlackTeam "SK Vojvodina Novi Sad"]

1. e4 c5 2. Nf3 a6 3. c3 d6 4. d4 Nd7 5. Bc4 e6 6. O-O Qc7 7. Bb3 Ngf6 8. Re1
c4 9. Bc2 e5 10. dxe5 dxe5 11. Nbd2 b5 12. Nf1 Bc5 13. Be3 O-O 14. h3 Rd8 15.
Qe2 Bb7 16. Ng3 Bxe3 17. Qxe3 Nc5 18. Rad1 Ne6 1/2-1/2

[Event "DRUGA LIGA SRBIJE-GRUPA VOJVODINA-2019"]
[Site "Kovacica"]
[Date "2019.11.01"]
[Round "1.6"]
[White "Stikovic, Dobrica"]
[Black "Volarov, Damir"]
[Result "1/2-1/2"]
[WhiteElo "2146"]
[BlackElo "2076"]
[PlyCount "22"]
[EventDate "2019.11.01"]
[WhiteTeam "SK Vojvodina Novi Sad"]
[BlackTeam "SK Mladenovo Mladenovo"]

1. c4 e5 2. Nc3 d6 3. Nf3 c6 4. d4 Qc7 5. g3 Nf6 6. Bg2 Bg4 7. O-O Be7 8. h3
Bxf3 9. Bxf3 O-O 10. dxe5 dxe5 11. Qc2 Nbd7 1/2-1/2